Elementary numerical analysis /

Guardado en:
Autor Principal: Atkinson, Kendall E.
Formato: Libro
Idioma:English
Publicado: New York : Wiley, c1985.
Materias:
Etiquetas: Agregar Etiqueta
Sin Etiquetas, Sea el primero en etiquetar este registro!
LEADER 00681pam a22002175a 4500
001 EIQ.libpla003044
008 840530s1985####nyua#####b####001#0#eng#d
005 20071008180344.0
245 1 0 |a Elementary numerical analysis /  |c Kendall Atkinson. 
260 |a New York :  |b Wiley,  |c c1985. 
300 |a xii, 416 p. :  |b il. ;  |c 24 cm. 
504 |a Bibliografía: p. 407-409. 
500 |a Incluye índice. 
020 |a 0471897337 
100 1 |a Atkinson, Kendall E. 
082 0 0 |a 519.4  |2 19 
650 4 |a Matemática  |x Análisis numérico. 
650 4 |a Mathematics  |x Numerical analysis. 
010 |a  84011974  
040 |a DLC  |c DLC  |d AR-BbSID 
859 |a AR-BbSID  |b BIB. PLAPIQUI  |h 519.4  |i At 51  |p 4020